[Event "Pfalz op-B 11th"]
[Site "Neustadt an der Weinstrasse"]
[Date "2020.02.23"]
[Round "5"]
[White "Burger, Volker"]
[Black "Yeganyan, Artur"]
[Result "1/2-1/2"]
[WhiteElo "1739"]
[BlackElo "1840"]
[PlyCount "40"]
[EventDate "2020.02.21"]
[EventType "swiss"]
[EventRounds "7"]
[EventCountry "GER"]
[SourceTitle "CBM 195 Extra"]
[Source "ChessBase"]
[SourceDate "2020.05.31"]
[SourceVersion "1"]
[SourceVersionDate "2020.05.31"]
[SourceQuality "1"]

1. e4 c5 2. Nf3 e6 3. d4 cxd4 4. Nxd4 Nc6 5. Nc3 Qc7 6. Be3 a6 7. Bd3 Nf6 8. Nxc6 bxc6 9. 0-0 Be7 10. Na4 c5 11. c4 Bb7 12. Nc3 0-0 13. f4 d6 14. Qc2 Bc6 15. f5 Ng4 16. Bf4 e5 17. Bd2 Nf6 18. b3 Rfb8 19. Qd1 Qb7 20. Qe2 a5 1/2-1/2

[Event "Pfalz-ch HT4 86th"]
[Site "Wolfstein"]
[Date "2017.04.09"]
[Round "3"]
[White "Eimer, Matthias"]
[Black "Yeganyan, Artur"]
[Result "1/2-1/2"]
[WhiteElo "1986"]
[BlackElo "1703"]
[PlyCount "85"]
[EventDate "2017.04.07"]
[EventType "swiss"]
[EventRounds "7"]
[EventCountry "GER"]
[SourceTitle "EXT 2018"]
[Source "ChessBase"]
[SourceDate "2017.10.13"]
[SourceVersion "1"]
[SourceVersionDate "2017.10.13"]
[SourceQuality "1"]

1. e4 e5 2. Nf3 Nc6 3. c3 Nf6 4. d4 exd4 5. e5 Nd5 6. Qb3 Nb6 7. cxd4 Bb4+ 8. Bd2 Bxd2+ 9. Nbxd2 d6 10. Bb5 Be6 11. Bxc6+ bxc6 12. Qc3 Qd7 13. 0-0 0-0 14. Ng5 Nd5 15. Qg3 Bf5 16. f4 h6 17. Nge4 Rab8 18. b3 Rb4 19. Qd3 Re8 20. a3 Rbb8 21. Rac1 f6 22. Qg3 Re6 23. Rce1 Kh8 24. Qf3 Ree8 25. h3 fxe5 26. dxe5 dxe5 27. fxe5 Bh7 28. Nc4 Qe7 29. Ned2 Rf8 30. Qg3 Qc5+ 31. Kh1 Qd4 32. Rf3 Bc2 33. Ref1 Rxf3 34. Rxf3 Ne7 35. Qf2 Qxf2 36. Rxf2 Bxb3 37. Rf3 Bxc4 38. Nxc4 Kg8 39. Kg1 Rf8 40. Kf2 Nd5 41. Rxf8+ Kxf8 42. Kf3 Kf7 43. Ke4 1/2-1/2